| 000 -LEADER |
| fixed length control field |
00528cam a22002051 4500 |
| 001 - CONTROL NUMBER |
| control field |
1221557 |
| 005 - DATE AND TIME OF LATEST TRANSACTION |
| control field |
20180207033547.0 |
| 008 - FIXED-LENGTH DATA ELEMENTS--GENERAL INFORMATION |
| fixed length control field |
851218s1959 nyua b 000 0 eng |
| 010 ## - LIBRARY OF CONGRESS CONTROL NUMBER |
| LC control number |
58011994 |
| 040 ## - CATALOGING SOURCE |
| Original cataloging agency |
DLC/ICU |
| Transcribing agency |
ICU |
| Modifying agency |
DLC |
| 041 ## - LANGUAGE CODE |
| Language code of text/sound track or separate title |
eng |
| 080 ## - UNIVERSAL DECIMAL CLASSIFICATION NUMBER |
| Universal Decimal Classification number |
612.015 |
| 082 00 - DEWEY DECIMAL CLASSIFICATION NUMBER |
| Classification number |
612.015 WHI |
| 100 1# - Rafti |
| Rafti |
5 |
| 101 ## - Shkurtesa |
| Shkurtesa |
BIOK |
| 245 10 - TITLE STATEMENT |
| Title |
Principles of biochemistry |
| Statement of responsibility, etc |
[by] Abraham White [and others]. |
| 504 ## - BIBLIOGRAPHY, ETC. NOTE |
| Bibliography, etc |
Includes bibliography. |
| 906 ## - LOCAL DATA ELEMENT F, LDF (RLIN) |
| a |
7 |
| b |
cbc |
| c |
orignew |
| d |
u |
| e |
ocip |
| f |
19 |
| g |
y-gencatlg |
| 942 ## - ADDED ENTRY ELEMENTS (KOHA) |
| Source of classification or shelving scheme |
|
| Item type |
Books |